=LDR 00000nam 2200000 4500 =001 INLIS000000000013757 =005 20130612105110 =008 ***********************************Ind** =035 ##$$0010-061300000013757 =041 ##$$a Ind =082 ##$$a 507.24 =090 ##$$a 507.24, Won f =100 ##$$a Wong soh mue =245 ##$$a Faktor eusteim, Kumpulan percobaan alamiah dan permainan menarik ala galileo, Wong Soh Mue ;Penerjemah, Renata Pohan =260 ##$$a 2004 $b Jakarta =300 ##$$a 68 hlm, Ilus, 21 cm =650 ##$$a Sains - Ekssperimen =700 ##$$a Pohan, Renata =850 ##$$a NBPNMAT